The essential book of weather lore : time-tested weather wisdom and why the weatherman isn't always right /

Bibliographic Details
Main Author: Horvitz, Leslie Alan
Format: Book
Language:English
Published: Pleasantville, N.Y. : Reader's Digest Association, [2007]
Subjects:
Online Access:Table of contents only

MARC

Tag First Indicator Second Indicator Subfields
LEADER 00000cam a2200000 a 4500
001 in00002346708
005 20151108061429.0
008 070329s2007 nyuab b 001 0 eng
010 |a  2007013354 
020 |a 9780762108572 
020 |a 0762108576 
035 |a (OCoLC)ocn122309517 
040 |a DLC  |c DLC  |d TXA  |d UtOrBLW 
049 |a TXAM 
050 0 0 |a QC995.4  |b .H665 2007 
082 0 0 |a 551.63/1  |2 22 
100 1 |a Horvitz, Leslie Alan. 
245 1 4 |a The essential book of weather lore :  |b time-tested weather wisdom and why the weatherman isn't always right /  |c Leslie Alan Horvitz. 
264 1 |a Pleasantville, N.Y. :  |b Reader's Digest Association,  |c [2007] 
264 4 |c ©2007 
300 |a 176 pages :  |b illustrations, maps ;  |c 24 cm. 
336 |a text  |b txt  |2 rdacontent 
337 |a unmediated  |b n  |2 rdamedia 
338 |a volume  |b nc  |2 rdacarrier 
504 |a Includes bibliographical references (pages 170-171) and index. 
650 0 |a Weather forecasting  |v Popular works. 
650 0 |a Weather  |x Folklore. 
856 4 1 |3 Table of contents only  |u http://www.loc.gov/catdir/toc/ecip0714/2007013354.html  |t 0 
948 |a cataloged  |b h  |c 2007/12/17  |d c  |e dmitchel  |f 10:30:20 am 
994 |a C0  |b TXA 
999 |a MARS 
999 f f |s 54d28ed2-1e36-3dc2-9b0a-45f40cfb034f  |i ec2243d8-ca4c-36bf-a6a7-d97c28e870c0  |t 0 
952 f f |p normal  |a Texas A&M University  |b College Station  |c Sterling C. Evans Library  |d Evans: Library Stacks  |t 0  |e QC995.4 .H665 2007  |h Library of Congress classification  |i unmediated -- volume  |m A14836520213 
998 f f |a QC995.4 .H665 2007  |t 0  |l Evans: Library Stacks